Contabilidad administrativa/ (Registro nro. 8858)

Detalles MARC
000 -LEADER
fixed length control field 01159nam a2200205Ia 4500
005 - FECHA Y HORA DE LA ÚLTIMA TRANSACCIÓN
control field 20230811092514.0
008 - FIXED-LENGTH DATA ELEMENTS--GENERAL INFORMATION
fixed length control field 230809s9999 xx 000 0 und d
020 ## - INTERNATIONAL STANDARD BOOK NUMBER
International Standard Book Number 970-10-3393-0
040 ## - CATALOGING SOURCE
Original cataloging agency UPAN
Transcribing agency Biblioteca San Vicente
Description conventions RCAA2
041 ## - LANGUAGE CODE
Language code of text/sound track or separate title spa
082 ## - DEWEY DECIMAL CLASSIFICATION NUMBER
Classification number 657
Item number R365c
año de publicación 2002
100 ## - MAIN ENTRY--PERSONAL NAME
Personal name Ramírez Padilla, David Noel
Relator code aut.
245 #0 - TITLE STATEMENT
Title Contabilidad administrativa/
Statement of responsibility, etc David Noel Ramírez Padilla
250 ## - EDITION STATEMENT
Edition statement 6ª ed
260 ## - PUBLICATION, DISTRIBUTION, ETC. (IMPRINT)
Place of publication, distribution, etc México:
Name of publisher, distributor, etc McGraw Hill,
Date of publication, distribution, etc 2003
300 ## - PHYSICAL DESCRIPTION
Extent 601 p.;
Dimensions 23 cm.
505 ## - FORMATTED CONTENTS NOTE
Formatted contents note Cap.1 El papel de la información contable en la administración de las empresas competitivas <br/>Cap.2 Conceptos. Clasificación y comportamiento de los costos<br/>Cap.3 Sistemas de la información administrativa contemporáneos<br/>Cap.4 Filosofías administrativas contemporáneas <br/>Cap.5 El modelo o relaciona costo-volumen-utilidad<br/>Cap.6 Sistema de costeo<br/>Cap.7 La planeación y el presupuesto maestro<br/>Cap.8 El papel de la información administrativa en la toma de decisiones de corto plazo <br/>Cap.9 El papel de la información financiera en la evaluación de proyectos de inversión
650 ## - SUBJECT ADDED ENTRY--TOPICAL TERM
Source of heading or term LEMB
General subdivision Contabilidad
942 ## - ADDED ENTRY ELEMENTS (KOHA)
Koha item type Libros
Source of classification or shelving scheme Dewey Decimal Classification
Existencias
Withdrawn status Lost status Source of classification or shelving scheme Damaged status Not for loan Collection code Home library Current library Date acquired Total Checkouts Full call number Barcode Date last seen Copy number Price effective from Koha item type
    Dewey Decimal Classification     Colección General Biblioteca UPAN San Vicente Biblioteca UPAN San Vicente 09/08/2023   657 R365c 12001582 09/08/2023 01 09/08/2023 Libros
    Dewey Decimal Classification     Colección General Biblioteca UPAN San Vicente Biblioteca UPAN San Vicente 11/08/2023   657 R365c 12001583 11/08/2023 02 11/08/2023 Libros